[Event "Noisiel op 5th"]
[Site "Noisiel"]
[Date "2020.02.19"]
[Round "8"]
[White "Gherghinoiu, Lucas"]
[Black "Mota, Pankit"]
[Result "0-1"]
[WhiteElo "2120"]
[BlackElo "2048"]
[PlyCount "102"]
[EventDate "2020.02.15"]
[EventType "swiss"]
[EventRounds "9"]
[EventCountry "FRA"]
[SourceTitle "CBM 195 Extra"]
[Source "ChessBase"]
[SourceDate "2020.05.31"]
[SourceVersion "1"]
[SourceVersionDate "2020.05.31"]
[SourceQuality "1"]

1. e4 e6 2. d4 d5 3. e5 c5 4. c3 Nc6 5. Nf3 Bd7 6. a3 f6 7. Bd3 Qc7 8. 0-0 c4 9. Bc2 Nge7 10. Re1 Ng6 11. Qe2 Be7 12. Nbd2 b5 13. Nf1 a5 14. Ng3 a4 15. Nh5 Rg8 16. Bxg6+ hxg6 17. exf6 gxf6 18. Nf4 Qd6 19. Nxe6 Bxe6 20. Bf4 Qd7 21. Qxe6 Qxe6 22. Rxe6 Kd7 23. Rae1 Rae8 24. h3 Rh8 25. Bg3 g5 26. Nh2 Bxa3 27. Rxe8 Rxe8 28. Rb1 Be7 29. f4 b4 30. f5 Ra8 31. Ra1 a3 32. bxa3 Rxa3 33. Rb1 Rxc3 34. Bf2 b3 35. Ng4 Rd3 36. Ne3 Nxd4 37. Nxd5 Nf3+ 38. gxf3 Rxd5 39. Kf1 Rd2 40. Be3 Ra2 41. Bd4 Rd2 42. Be3 Rd3 43. Ke2 Bd6 44. Rb2 Be5 45. Rb1 Kc6 46. Rd1 Rxd1 47. Kxd1 Kd5 48. Kc1 c3 49. Kb1 Kc4 50. Bf2 Kd3 51. f4 c2+ 0-1

[Event "Noisiel op 5th"]
[Site "Noisiel"]
[Date "2020.02.18"]
[Round "5"]
[White "Mota, Pankit"]
[Black "Deodhar, Vrushali Umesh"]
[Result "1-0"]
[WhiteElo "2048"]
[BlackElo "1880"]
[PlyCount "89"]
[EventDate "2020.02.15"]
[EventType "swiss"]
[EventRounds "9"]
[EventCountry "FRA"]
[SourceTitle "CBM 195 Extra"]
[Source "ChessBase"]
[SourceDate "2020.05.31"]
[SourceVersion "1"]
[SourceVersionDate "2020.05.31"]
[SourceQuality "1"]

1. e4 e6 2. d4 d5 3. Nc3 Bb4 4. e5 c5 5. Qg4 Ne7 6. dxc5 d4 7. a3 Qa5 8. Qxd4 Nbc6 9. Qc4 Bxc3+ 10. Qxc3 Qxc3+ 11. bxc3 Nxe5 12. Rb1 f6 13. Bd3 Kf7 14. Ke2 Nxd3 15. cxd3 Bd7 16. Nf3 Rab8 17. Re1 Bc6 18. g3 e5 19. Nd2 Rhd8 20. Nc4 Bd5 21. Nd6+ Ke6 22. Nb5 a6 23. Nc7+ Kd7 24. Nxd5 Nxd5 25. Bd2 Rdc8 26. d4 exd4 27. cxd4 Re8+ 28. Kd3 Kc6 29. a4 g6 30. f3 Rbc8 31. g4 Rcd8 32. Re4 f5 33. gxf5 gxf5 34. Rh4 Rd7 35. Rh6+ Kc7 36. Ba5+ Kc8 37. Bd2 Nc7 38. c6 bxc6 39. Rxc6 Red8 40. Be3 Rd6 41. Rc5 Rd5 42. Rc4 R8d7 43. Bf4 Re7 44. Rbc1 Rdd7 45. Rxc7+ 1-0

[Event "New Delhi Parsvnath op-A 18th"]
[Site "New Delhi"]
[Date "2020.01.14"]
[Round "8"]
[White "Mota, Pankit"]
[Black "Shyam, Nikil P"]
[Result "0-1"]
[WhiteElo "2060"]
[BlackElo "2458"]
[PlyCount "40"]
[EventDate "2020.01.09"]
[EventType "swiss"]
[EventRounds "10"]
[EventCountry "IND"]
[SourceTitle "CBM 194 Extra"]
[Source "ChessBase"]
[SourceDate "2020.03.31"]
[SourceVersion "1"]
[SourceVersionDate "2020.03.31"]
[SourceQuality "1"]

1. e4 c5 2. c3 Nf6 3. e5 Nd5 4. Nf3 Nc6 5. Bc4 Nb6 6. Bb3 c4 7. Bc2 d6 8. exd6 Qxd6 9. 0-0 Bg4 10. h3 Bh5 11. Re1 0-0-0 12. a4 a5 13. Be4 e6 14. Na3 f5 15. Nb5 Qd7 16. Bxc6 bxc6 17. Nbd4 c5 18. Nb5 Qd5 19. g4 fxg4 20. Ne5 gxh3 0-1

[Event "Riga RTU rapid op"]
[Site "Riga"]
[Date "2019.07.04"]
[Round "9"]
[White "Mota, Pankit"]
[Black "Kiik, Kalle"]
[Result "0-1"]
[WhiteElo "1841"]
[BlackElo "2308"]
[PlyCount "44"]
[EventDate "2019.07.04"]
[EventType "swiss (rapid)"]
[EventRounds "9"]
[EventCountry "LAT"]
[SourceTitle "EXT 2020"]
[Source "ChessBase"]
[SourceDate "2019.10.17"]
[SourceVersion "1"]
[SourceVersionDate "2019.10.17"]
[SourceQuality "1"]

1. e4 e5 2. Nf3 Nc6 3. Bc4 Nf6 4. d3 h6 5. c3 d6 6. 0-0 g6 7. a4 Bg7 8. a5 0-0 9. Re1 Be6 10. Nbd2 Kh7 11. b4 a6 12. Qb3 Qd7 13. Bb2 Nh5 14. Rad1 Nf4 15. Bxe6 fxe6 16. Nc4 Qf7 17. b5 axb5 18. Qxb5 Nxg2 19. Kxg2 Qxf3+ 20. Kg1 Qxf2+ 21. Kh1 Qf3+ 22. Kg1 Qg4+ 0-1

[Event "Sharjah Masters 3rd"]
[Site "Sharjah"]
[Date "2019.03.23"]
[Round "2"]
[White "Mota, Pankit"]
[Black "Pranav, Anand"]
[Result "0-1"]
[WhiteElo "1974"]
[BlackElo "2359"]
[PlyCount "120"]
[EventDate "2019.03.22"]
[EventType "swiss"]
[EventRounds "9"]
[EventCountry "UAE"]
[SourceTitle "CBM 189 Extra"]
[Source "ChessBase"]
[SourceDate "2019.06.03"]
[SourceVersion "1"]
[SourceVersionDate "2019.06.03"]
[SourceQuality "1"]

1. e4 e5 2. Nf3 Nc6 3. Bc4 Bc5 4. c3 Nf6 5. d3 d6 6. Bb3 h6 7. Nbd2 0-0 8. h3 a5 9. Nf1 Be6 10. Bc2 d5 11. Qe2 a4 12. Ng3 Re8 13. 0-0 Bb6 14. a3 Nd7 15. Rd1 d4 16. Nh5 Bc5 17. g4 g6 18. Ng3 Kg7 19. Kh2 Rh8 20. Rg1 Kf8 21. c4 Bd6 22. Bd2 Qb8 23. Nh4 g5 24. Nhf5 Bc5 25. Nh5 b5 26. Nfg7 bxc4 27. Nxe6+ fxe6 28. dxc4 d3 29. Qxd3 Nd4 30. Bc3 Ke7 31. Rgf1 Rf8 32. Rad1 Rf3 33. Qd2 Qf8 34. Bxd4 Bxd4 35. Kg2 Rb8 36. Qe2 Rf7 37. Bxa4 Nc5 38. Bb5 c6 39. b4 Nxe4 40. Rxd4 exd4 41. Qxe4 cxb5 42. Qxd4 Qc8 43. Rd1 Qc6+ 44. Kg1 bxc4 45. b5 Qb6 46. Qxb6 Rxb6 47. a4 Rf8 48. Rc1 Rc8 49. Ng3 Rbb8 50. Ne4 Ra8 51. Nc3 Kd6 52. b6 Kc6 53. Rb1 Rcb8 54. Rb4 Kc5 55. Rb5+ Kd4 56. Ne2+ Kd3 57. Nc1+ Kd2 58. Na2 Rxa4 59. Nb4 c3 60. b7 Rxb4 0-1

[Event "Sharjah Masters 3rd"]
[Site "Sharjah"]
[Date "2019.03.22"]
[Round "1"]
[White "Darini, Pouria"]
[Black "Mota, Pankit"]
[Result "1/2-1/2"]
[WhiteElo "2474"]
[BlackElo "1974"]
[PlyCount "117"]
[EventDate "2019.03.22"]
[EventType "swiss"]
[EventRounds "9"]
[EventCountry "UAE"]
[SourceTitle "CBM 189 Extra"]
[Source "ChessBase"]
[SourceDate "2019.06.03"]
[SourceVersion "1"]
[SourceVersionDate "2019.06.03"]
[SourceQuality "1"]

1. d4 d5 2. Bf4 Nf6 3. e3 c5 4. Nf3 Nc6 5. Nbd2 Bg4 6. c3 Nh5 7. Bg5 h6 8. Bh4 g5 9. Bg3 Nxg3 10. hxg3 cxd4 11. exd4 Bg7 12. Bd3 Kf8 13. Qc2 Rc8 14. Bf5 Bxf3 15. Bxc8 Bxg2 16. Rg1 Qxc8 17. Rxg2 Nxd4 18. Qd3 Qh3 19. Rg1 Qe6+ 20. Kd1 Nc6 21. Re1 Ne5 22. Qb5 Bf6 23. Re2 Qc6 24. a4 Kg7 25. f4 Ng6 26. Kc2 Qxb5 27. axb5 gxf4 28. gxf4 Nxf4 29. Rf2 e5 30. Rxa7 Rb8 31. Nf3 e4 32. Nh4 Bxh4 33. Rxf4 Bg5 34. Rf5 e3 35. Kd3 Kg6 36. Rxd5 f5 37. Ke2 f4 38. Rd6+ Kh5 39. Kf3 Re8 40. Ra1 e2 41. Rh1+ Bh4 42. Rd5+ Kg6 43. Rd6+ Kf7 44. Rd7+ Kg6 45. Rd6+ Kf7 46. Rd7+ Kf8 47. Rxb7 e1Q 48. Rxe1 Rxe1 49. Kxf4 Re2 50. c4 Rxb2 51. c5 Ke8 52. c6 Kd8 53. Ke5 Kc8 54. b6 Bf2 55. Rc7+ Kb8 56. Rb7+ Kc8 57. Rc7+ Kb8 58. Rb7+ Kc8 59. Rc7+ 1/2-1/2

[Event "India rating op"]
[Site "India"]
[Date "2019.02.03"]
[Round "8"]
[White "Saranya, Y."]
[Black "Mota, Pankit"]
[Result "0-1"]
[WhiteElo "1857"]
[BlackElo "2048"]
[PlyCount "120"]
[EventDate "2019.02.03"]
[EventType "swiss"]
[EventRounds "11"]
[EventCountry "IND"]
[SourceTitle "EXT 2021"]
[Source "ChessBase"]
[SourceDate "2020.10.23"]
[SourceVersion "1"]
[SourceVersionDate "2020.10.23"]
[SourceQuality "1"]

1. e4 e6 2. d4 d5 3. Nc3 Bb4 4. exd5 exd5 5. Bd3 Nc6 6. Nge2 Nf6 7. 0-0 0-0 8. a3 Be7 9. Ng3 Nxd4 10. Bxh7+ Nxh7 11. Qxd4 c6 12. Qd3 Nf6 13. Bf4 Qb6 14. Rae1 Be6 15. Nf5 Bxf5 16. Qxf5 Rfe8 17. Be5 Rad8 18. b4 d4 19. Na4 Qb5 20. Nc5 Bxc5 21. Bxf6 gxf6 22. bxc5 Rxe1 23. Rxe1 d3 24. cxd3 Qa5 25. Re3 Qc3 26. Rg3+ Kf8 27. h3 Qe1+ 28. Kh2 Qe5 29. Qh7 Ke7 30. Qh4 Rxd3 31. f4 Qd5 32. Rg8 Qd4 33. Qg4 Rd1 34. Qc8 Qxf4+ 35. Rg3 Rd7 36. Qh8 Rd3 37. Qg8 b5 38. cxb6 axb6 39. a4 c5 40. Qg7 c4 41. Qg4 Qxg4 42. Rxg4 c3 43. Rc4 Kd6 44. h4 Kd5 45. Rc7 Rd4 46. h5 Rh4+ 47. Kg3 Rc4 48. Rd7+ Ke6 49. Rd1 c2 50. Rc1 Kf5 51. Kh3 Kg5 52. g4 Rc3+ 53. Kg2 Kxg4 54. h6 Kf4 55. h7 Rc8 56. Kh3 Ke3 57. Rxc2 Rh8 58. Rc6 Rxh7+ 59. Kg4 Rh6 60. Rxb6 f5+ 0-1

[Event "Thane ARMS op 1st"]
[Site "Thane"]
[Date "2018.04.21"]
[Round "2"]
[White "Mota, Pankit"]
[Black "Aarav, Dengla"]
[Result "1-0"]
[WhiteElo "1834"]
[BlackElo "1184"]
[PlyCount "83"]
[EventDate "2018.04.21"]
[EventType "swiss (rapid)"]
[EventRounds "9"]
[EventCountry "IND"]
[SourceTitle "CBM 184 Extra"]
[Source "ChessBase"]
[SourceDate "2018.06.28"]
[SourceVersion "1"]
[SourceVersionDate "2018.06.28"]
[SourceQuality "1"]

1. e4 e5 2. Nf3 Nf6 3. Nxe5 d6 4. Nf3 Nxe4 5. Nc3 Nxc3 6. dxc3 Be7 7. Be3 Nc6 8. h3 Be6 9. Nd4 Qd7 10. Qf3 d5 11. Rd1 Bf6 12. g4 Nxd4 13. cxd4 Qe7 14. Qg3 g6 15. c3 h6 16. Bd3 Bg5 17. Kd2 Bxe3+ 18. Qxe3 Kd7 19. Rhe1 Rae8 20. f4 f5 21. gxf5 Bxf5 22. Bxf5+ gxf5 23. Qd3 Qf6 24. Re5 Rxe5 25. dxe5 Qe6 26. Rg1 Rh7 27. h4 c6 28. h5 Qf7 29. Rg6 Ke7 30. e6 Qf8 31. Qd4 b6 32. Qe5 Qc8 33. Qf6+ Kd6 34. e7+ Kc7 35. Qd6+ Kb7 36. Re6 Rh8 37. Rxh6 Re8 38. Re6 Qc7 39. Qxc7+ Kxc7 40. h6 Kd7 41. Re5 Rh8 42. e8Q+ 1-0

[Event "Mumbai Wealth op 3rd"]
[Site "Mumbai"]
[Date "2018.01.06"]
[Round "8"]
[White "Mota, Pankit"]
[Black "Dahale, Atul"]
[Result "0-1"]
[WhiteElo "1898"]
[BlackElo "2140"]
[PlyCount "74"]
[EventDate "2017.12.30"]
[EventType "swiss"]
[EventRounds "9"]
[EventCountry "IND"]
[SourceTitle "CBM 182 Extra"]
[Source "ChessBase"]
[SourceDate "2018.02.23"]
[SourceVersion "1"]
[SourceVersionDate "2018.02.23"]
[SourceQuality "1"]

1. e4 c5 2. c3 Qa5 3. Na3 Nc6 4. d4 cxd4 5. Nc4 Qd8 6. cxd4 d5 7. exd5 Qxd5 8. Be3 Nf6 9. Nf3 e6 10. a3 Be7 11. Bd3 0-0 12. 0-0 b5 13. Nce5 Bb7 14. Qe2 a6 15. Rad1 Rac8 16. a4 Nb4 17. axb5 Nxd3 18. bxa6 Bxa6 19. Nxd3 Qb3 20. Nfe5 Nd5 21. Ra1 Bb5 22. Qd1 Rc2 23. Nc1 Nxe3 24. Nxb3 Nxd1 25. Rfxd1 Rxb2 26. Nc5 Rc2 27. Rdc1 Rxc1+ 28. Rxc1 Rd8 29. Nf3 g5 30. h3 h5 31. Nb7 Rd5 32. Rc8+ Kg7 33. Nc5 g4 34. hxg4 hxg4 35. Ne5 Rxd4 36. Rc7 Rd1+ 37. Kh2 Bd6 0-1

[Event "Barcelona Sant Marti op-B 19th"]
[Site "Barcelona"]
[Date "2017.07.20"]
[Round "8"]
[White "Mota, Pankit"]
[Black "Espinosa Cebrian, Carlos"]
[Result "1/2-1/2"]
[WhiteElo "1859"]
[BlackElo "1921"]
[PlyCount "57"]
[EventDate "2017.07.13"]
[EventType "swiss"]
[EventRounds "9"]
[EventCountry "ESP"]
[SourceTitle "EXT 2018"]
[Source "ChessBase"]
[SourceDate "2017.10.13"]
[SourceVersion "1"]
[SourceVersionDate "2017.10.13"]
[SourceQuality "1"]

1. e4 c5 2. c3 Nf6 3. e5 Nd5 4. Nf3 Nc6 5. Bc4 Nb6 6. Bb3 d5 7. exd6 Qxd6 8. Na3 a6 9. 0-0 e6 10. Qe2 Be7 11. Rd1 Bf6 12. d3 0-0 13. Nd2 Nd5 14. Ne4 Qe7 15. Nc4 b6 16. a4 Rd8 17. Bc2 Bb7 18. Re1 Rac8 19. Be3 Ne5 20. Ncd2 Nxe3 21. Qxe3 Ng6 22. Nc4 Bxe4 23. Qxe4 b5 24. axb5 axb5 25. Na3 b4 26. Nb5 Qd7 27. Ra5 Qd5 28. Qxd5 Rxd5 29. Kf1 1/2-1/2

[Event "Barcelona Sant Marti op-B 19th"]
[Site "Barcelona"]
[Date "2017.07.16"]
[Round "4"]
[White "Mota, Pankit"]
[Black "Majumdar, Shankar"]
[Result "1-0"]
[WhiteElo "1859"]
[BlackElo "1934"]
[PlyCount "107"]
[EventDate "2017.07.13"]
[EventType "swiss"]
[EventRounds "9"]
[EventCountry "ESP"]
[SourceTitle "EXT 2018"]
[Source "ChessBase"]
[SourceDate "2017.10.13"]
[SourceVersion "1"]
[SourceVersionDate "2017.10.13"]
[SourceQuality "1"]

1. e4 d5 2. exd5 Qxd5 3. Nc3 Qd6 4. d4 Nf6 5. Nf3 g6 6. Bg5 Bg7 7. Qd2 c6 8. Ne5 b5 9. a3 Nbd7 10. f4 a6 11. Be2 c5 12. Bf3 Ra7 13. Bxf6 Bxf6 14. Ne4 Qxd4 15. Qxd4 cxd4 16. Nxd7 Bxd7 17. Nxf6+ exf6 18. 0-0-0 0-0 19. Rxd4 f5 20. Rhd1 Be6 21. Rd8 Rxd8 22. Rxd8+ Kg7 23. Ra8 Rxa8 24. Bxa8 a5 25. Bc6 b4 26. axb4 axb4 27. Kd2 Kf6 28. Kd3 Ke7 29. Kd4 Kd6 30. Bb5 Bd5 31. g3 f6 32. Bc4 Bf3 33. Bg8 h6 34. Bh7 Be4 35. Bxg6 Bxc2 36. Kc4 b3 37. Bf7 Kc6 38. Kc3 Bd1 39. Bxb3 Bf3 40. Bc2 Bg4 41. Kd4 Bh3 42. Bd3 Bg4 43. b4 Bh3 44. b5+ Kd6 45. b6 Kc6 46. b7 Kxb7 47. Kd5 Kb6 48. Ke6 Kc5 49. Bxf5 Bg2 50. Kxf6 h5 51. Kg5 Bf3 52. Bg6 Kd6 53. Bxh5 Be4 54. Kf6 1-0

[Event "Barbera del Valles op 40th"]
[Site "Barbera del Valles"]
[Date "2017.07.10"]
[Round "7"]
[White "Franco Valencia, Angela Maria"]
[Black "Mota, Pankit"]
[Result "1-0"]
[WhiteElo "2214"]
[BlackElo "1859"]
[PlyCount "149"]
[EventDate "2017.07.04"]
[EventType "swiss"]
[EventRounds "9"]
[EventCountry "ESP"]
[SourceTitle "EXT 2018"]
[Source "ChessBase"]
[SourceDate "2017.10.13"]
[SourceVersion "1"]
[SourceVersionDate "2017.10.13"]
[SourceQuality "1"]

1. e4 e5 2. Nf3 Nc6 3. Bb5 Nge7 4. 0-0 g6 5. c3 a6 6. Ba4 b5 7. Bb3 Bg7 8. d4 exd4 9. cxd4 0-0 10. d5 Na5 11. d6 cxd6 12. Qxd6 Nxb3 13. axb3 Bb7 14. Nc3 Nc8 15. Qd3 Re8 16. Bg5 f6 17. Be3 Ne7 18. Rfd1 f5 19. Qxd7 Qxd7 20. Rxd7 Bc6 21. Rd6 Bxe4 22. Rdxa6 Rxa6 23. Rxa6 Bxf3 24. gxf3 b4 25. Nb5 Bxb2 26. Re6 Kf7 27. Rb6 Be5 28. f4 Bb8 29. Rb7 Kg8 30. Rd7 g5 31. fxg5 f4 32. Bc5 Nc6 33. Nd4 Ne5 34. Re7 Rd8 35. Ne6 Rd1+ 36. Kg2 f3+ 37. Kh3 Ng6 38. Re8+ Kf7 39. Rxb8 Kxe6 40. Rxb4 Kf5 41. Be3 Rg1 42. Rc4 Ne5 43. Rf4+ Ke6 44. Rf6+ Kd5 45. Rf4 Ke6 46. Rh4 Rg2 47. b4 Nd3 48. b5 Nxf2+ 49. Bxf2 Rxf2 50. b6 Rb2 51. Rf4 Ke7 52. Rf6 f2 53. b7 Rxb7 54. Rxf2 Rb6 55. Kg4 Rg6 56. h4 Rg7 57. Kh5 Rg6 58. Kg4 Ra6 59. Rf4 Rb6 60. h5 Ra6 61. Rc4 Ra7 62. Rc5 Kf7 63. Kf5 Kg7 64. Rd5 Rb7 65. Ke6 Rb1 66. Rd7+ Kg8 67. Rd8+ Kg7 68. h6+ Kg6 69. Rg8+ Kh5 70. Rg7 Rg1 71. Kf7 Rc1 72. Kg8 Rc8+ 73. Kxh7 Rf8 74. g6 Rf6 75. Ra7 1-0

[Event "Barbera del Valles op 40th"]
[Site "Barbera del Valles"]
[Date "2017.07.09"]
[Round "6"]
[White "Van Riemsdijk, Herman Claudius"]
[Black "Mota, Pankit"]
[Result "1-0"]
[WhiteElo "2335"]
[BlackElo "1859"]
[PlyCount "55"]
[EventDate "2017.07.04"]
[EventType "swiss"]
[EventRounds "9"]
[EventCountry "ESP"]
[SourceTitle "EXT 2018"]
[Source "ChessBase"]
[SourceDate "2017.10.13"]
[SourceVersion "1"]
[SourceVersionDate "2017.10.13"]
[SourceQuality "1"]

1. e4 e6 2. d4 d5 3. Nc3 Bb4 4. e5 c5 5. a3 Bxc3+ 6. bxc3 Qa5 7. Bd2 Qa4 8. h4 cxd4 9. Qg4 Ne7 10. Bd3 Nbc6 11. Nf3 Bd7 12. cxd4 Ng6 13. 0-0 0-0-0 14. Bb4 f6 15. Qg3 a5 16. Rfb1 Nxd4 17. Nxd4 Nxe5 18. Bc5 Nxd3 19. cxd3 e5 20. Bb6 Rdg8 21. Nb3 g5 22. d4 gxh4 23. Qc3+ Bc6 24. Nxa5 exd4 25. Bxd4 Rg4 26. Nxc6 Qxc6 27. Qh3 Qe6 28. f3 1-0